000 00539nam a2200193 i 4500
001 67061
003 ES-MaACL
005 20230906165938.0
007 t|
008 040503s1994 xxu ||||1| spa d
020 _a0-89729-731-8
080 _a821.134.2-34"19"
100 1 _aFagundo, Ana María.
_948634
245 1 3 _aLa miríada de los sonámbulos /
_cAna María Fagundo.
250 _a[1ª ed.].
260 _aMiami, Floria :
_bEdiciones Universal,
_c1994.
300 _a95 p. ;
_c22 cm.
852 _aES-MaACL
_j2169-F-32
_bR.123085
999 _c67061
_d67061